000 00456cam a2200193ua 4500
001 3967
005 20260515113748.0
008 111210n ii |||gr||||Z||||||asm
040 _cMAIN
082 _a891.4511
100 1 _aDuwara,Jatindra Nath,
245 1 1 _aBanful
_cby Jatindra Nath Duwara
250 _a1st.
260 _aSibsagarh:
_bBasanta lal Duwara,974.
300 _a91p:
_c23cm.
653 _aAssamese poem
653 _aBanful
942 _cBK
999 _c3787
_d3787